[Event "Maalot Tarshiha"]
[Site "Maalot Tarshiha"]
[Date "2008.01.11"]
[Round "5"]
[White "Macieja, Bartlomiej"]
[Black "Moiseenko, Alexander"]
[Result "1/2-1/2"]
[WhiteElo "2617"]
[BlackElo "2643"]
[Annotator "Macieja,B"]
[PlyCount "78"]
[EventDate "2008.01.07"]
[EventType "tourn"]
[EventRounds "9"]
[EventCountry "ISR"]
[EventCategory "15"]
[SourceTitle "CBM 122"]
[Source "ChessBase"]
[SourceDate "2008.01.30"]
[SourceVersion "1"]
[SourceVersionDate "2008.01.30"]
[SourceQuality "1"]

{I consider that both Alex and I are rather solid players, however all
previous games between us had been decided. There is no reason to complain of
a lack of fight in this game either.} 1. d4 Nf6 2. c4 e6 3. Nf3 Bb4+ 4. Nbd2 b6
5. a3 Bxd2+ 6. Qxd2 Bb7 7. e3 O-O 8. Be2 d6 9. O-O Nbd7 10. b4 Ne4 11. Qc2 f5
12. d5 $1 exd5 $6 ({9 years earlier I reacted as Black with} 12... e5 $14 {
and I still consider that answer to be correct.}) 13. Nd4 Qf6 14. cxd5 (14. Bb2
$2 {was played by Boris Gelfand in 2005, but after} c5 15. Nc6 d4 16. exd4 Bxc6
{Black (Moiseenko) was already better as} 17. d5 $4 {is met with} Ba4 $1 $19)
14... Bxd5 15. f3 Ng5 (15... c5 $2 16. fxe4 Bxe4 17. Qa2+ $18) 16. Bb2 $1 {
White doesn't need to take care for a while about the pawn, as numerous
threats make Black's life very difficult.} Qg6 (16... c5 17. Nb5 Qe7 18. Nc7
Qxe3+ 19. Kh1 $16) (16... Ne6 17. Rad1 Nxd4 (17... Qg5 18. Bc4 Bxc4 19. Qxc4
Rae8 20. e4 $18) 18. Rxd4 Bf7 19. Qxc7 $16) 17. Bd3 $5 {The most interesting
and the strongest, but also simple} (17. Qxc7 {leads to advantage for White.}
Ne5 18. Rac1 f4 (18... Rf7 19. Qc3 $16) 19. e4 Bxe4 20. h4 $1 (20. fxe4 f3 $11)
20... Nh3+ 21. Kh1 Bd3 (21... Qg3 22. fxe4 $16) 22. Bxd3 Nxd3 23. gxh3 Nxc1 (
23... Nxb2 24. Rg1 Qf6 25. Ne6 g6 (25... Rf7 26. Qc8+ $1 Rxc8 27. Rxc8+ Rf8 28.
Rxf8+ Qxf8 29. Nxf8 Kxf8 30. Rc1 $18) 26. Ng5 Qg7 27. Qxg7+ Kxg7 28. Ne6+ $18)
(23... Qg3 24. Qc4+ (24. Rc2 $4 Qxh3+ 25. Kg1 Rac8 $19) 24... Kh8 25. Rc2 Qxh3+
26. Kg1 Rf6 (26... Qg3+ 27. Rg2 Nxb2 28. Qe2 Qxh4 29. Qxb2 $16) 27. Qxd3 Rg6+
28. Qxg6 hxg6 29. Rg2 $16) 24. Rg1 Rfc8 25. Qe7 $1 Re8 (25... Qf7 26. Qg5 $1
$18) 26. Qb7 Qf7 27. Qxf7+ Kxf7 28. Bxc1 $16) 17... Ne5 18. Nxf5 $1 ({To take
an exchange with} 18. Bxf5 Nexf3+ (18... Ngxf3+ $5 19. Kh1 Nxd4 20. Bxd4 Rxf5
21. Rxf5 Be6 $14) 19. Kh1 Nxd4 20. Bxd4 $14 {would be a sin.}) 18... Ngxf3+ {
The biggest weakness of Black's position is the unprotected Ra8. And it is not
a joke at all.} (18... Nexf3+ 19. Kh1 Qh5 20. gxf3 Bxf3+ (20... Nxf3 21. Ne7+
Kh8 22. Nxd5 $18) 21. Rxf3 Qxf3+ 22. Qg2 $16 Rxf5 $140 23. Bxf5 Qxf5 24. Qxa8+
$18) 19. Kh1 Qh5 20. Bxe5 ({Obviously now} 20. gxf3 $4 {cannot be played, as
after} Bxf3+ {White's Bd3 is hanging.}) 20... dxe5 21. gxf3 Bxf3+ 22. Kg1 $1
$146 {A winning novelty, but even after} (22. Rxf3 {, played in 1984,} Qxf3+
23. Kg1 {White is slightly better. I recommend} (23. Qg2 Qxg2+ 24. Kxg2 Rad8
$132) 23... Qh3 $1 $14 {N} (23... Rxf5 $2 24. Bxf5 Qxe3+ 25. Kh1 $18) (23...
Qg4+ $6 {N} 24. Ng3 h5 $140 25. Qxc7 h4 26. Qc4+)) 22... Qg5+ 23. Ng3 Qxe3+ 24.
Rf2 h5 $6 {Natural, but objectively better was} (24... g6 25. Raf1 $16) 25.
Raf1 ({I could have won instantly after} 25. Qc3 $1 Kh8 26. Re1 $18) 25... Rf4
(25... h4 $2 26. Qc4+ $18) (25... Rad8 26. Bf5 $1 Rd4 27. Be6+ Kh8 28. Qg6 $18)
26. Qd2 $2 {There were at least 2 easy ways to finish the game:} (26. Bh7+ Kh8
27. Qd3 Qxd3 28. Bxd3 Raf8 29. Be4 Bxe4 30. Rxf4 Rxf4 31. Rxf4 exf4 32. Nxe4
$18) (26. Qc3 $1 Kh8 27. Re1 $18) 26... Qxd2 27. Rxd2 Raf8 28. Be2 $2 {Very
weak. Still Black's position could have been very difficult after} (28. Rdf2 $1
g5 (28... h4 29. Be4 $16) 29. h4 $3 $16) 28... h4 $11 {Now Black holds easily.}
29. Bxf3 Rxf3 30. Rxf3 Rxf3 31. Ne4 Rxa3 32. Rd7 (32. Ng5 g6 33. Rd8+ Kg7 34.
Ne6+ Kf6 35. Nxc7 Kf5 $132) 32... Ra4 $1 33. Ng5 g6 34. Ne4 $1 {Correct
decision. After} (34. Rxc7 Rxb4 {White has to fight for a draw because of the
threat ...Rg4+.}) 34... Rxb4 35. Nf6+ Kf8 36. Nh7+ Ke8 37. Nf6+ Kf8 38. Nh7+
Ke8 39. Nf6+ Kf8 1/2-1/2

[Event "Malakoff op 09th"]
[Site "Malakoff"]
[Date "2009.04.15"]
[Round "7"]
[White "Giffard, Nicolas"]
[Black "Franco Alonso, Alejandro"]
[Result "1/2-1/2"]
[WhiteElo "2377"]
[BlackElo "2479"]
[Annotator "Malakoff/Primel,D"]
[PlyCount "134"]
[EventDate "2009.04.11"]
[EventType "swiss"]
[EventRounds "9"]
[EventCountry "FRA"]
[SourceTitle "EXT 2010"]
[Source "ChessBase"]
[SourceDate "2010.11.25"]
[SourceVersion "1"]
[SourceVersionDate "2010.11.25"]
[SourceQuality "1"]

1. d4 Nf6 2. Nf3 (2. c4 e6) 2... e6 3. e3 b6 4. Bd3 c5 5. O-O Bb7 6. Nbd2 Be7 (
6... g6 $5 {[%cal Gf8g7];Michna,M (2376)-Kalinitschew,S (2491) Legnica 2000 (7)
0-1}) 7. b3 (7. c3 {L'alternative dans ce système COLLE mais les titrés
préfèrent souvent jouer l'autre variante ZUKERTORT (b3) qui est plus souple})
7... d6 $1 {[%csl Ge5] La formation hérisson est très frustrante pour un
joueur de système COLLE car les blancs sont privés de la case forte "e5" et
l'attaque blanche а l'aile-roi est retardée.} (7... O-O {la grande ligne} 8.
Bb2 d5 {[%csl Re5] Populaire mais l'affaiblissement de la case "e5" peut
donner aux blancs une forte attaque} 9. Ne5 {[%csl Ge5]} Nbd7 10. f4 (10. Qf3
$1 {[%csl Rh7][%cal Gf3h3,Gd3h7,Gb2g7] Les deux B blancs sont braqués vers
l'aile-roi adverse et la moindre faute des noirs peut conduire а une défaite
rapide.} Rc8 11. Qh3 Nxe5 12. dxe5 Ne4 13. Rad1 Ng5 14. Qh5 g6 15. Qe2 Qc7 16.
c4 f5 17. f4 Ne4 18. cxd5 exd5 $2 (18... Bxd5 $142) 19. Nxe4 fxe4 20. Bxe4 $1
c4 (20... dxe4 21. Qc4+ Kh8 22. Rd7 Qxd7 23. e6+ {[%cal Ge6d7,Gb2h8]})) 10...
Qc7 11. Qe2 Ne4) 8. Bb2 Nbd7 9. c4 {transpose vers une Ouest-Indienne} O-O 10.
Qc2 (10. Qe2 $142 {Meilleur car dans la partie après Rc8, les blancs doivent
perdre un tempo avec Qb1} Qc7 11. Rad1 Rfe8 12. Bb1 Bf8 {Tal,M (2600)-Ionescu,
C (2495) Sochi Chigorin Memorial 1986 (2) 1/2}) 10... h6 ({RR} 10... Rc8 11.
Rad1 Qc7 12. Qb1 Rfd8 13. Rfe1 h6 14. a3 Qb8 15. b4 Qa8 16. dxc5 bxc5 17. e4
cxb4 18. axb4 a5 19. bxa5 Rb8 20. Qa1 Nc5 21. Bc2 e5 22. Re3 Bc6 23. Rde1 Rd7
24. Bc3 Ra7 25. Nh4 {Mateuta,G (2460)-Rogozenco,D (2532)/Timisoara 2006/CBM
111 ext/0-1 (38)}) 11. Rad1 Rc8 12. Qb1 Rc7 $1 {[%cal Gd8a8] La Qb1 empêche
également Nb1c3b5} 13. a3 $146 ({RR} 13. Rfe1 Qa8 14. e4 cxd4 15. Nxd4 a6 16.
f3 Rd8 17. Bf1 Ne5 18. g3 Nc6 19. Qa1 Qa7 20. Kh1 Nxd4 21. Bxd4 Bc6 22. a4 a5
23. Bg2 Ne8 24. Nf1 Rcd7 25. Ne3 Qb7 26. Rd3 Bf8 27. Qb2 Nc7 {Astl,P (2263)
-Burschowsky,M (2208)/Austria 2008/EXT 2009/0-1 (42)}) 13... Qa8 $1 $11 {
[%cal Gb7g2] jouant les thèmes du hérisson et les noirs ont facilement égalisé}
14. Rfe1 a6 (14... Re8 {[%cal Ge7f8,Gg7g6]}) 15. Qa1 Re8 16. Bf1 {[%csl Rg2]
Le signe que l'ouverture des blancs est un échec car le B d'attaque est
contraint de venir défendre la case "g2"} Rcc8 $6 (16... cxd4 $142 {il est
plus logique d'ouvrir le centre pour profiter de l'activité des pièces noires.}
17. Nxd4 (17. exd4 d5 18. Ne5 dxc4 {[%csl Rd4]} 19. Ndxc4 b5 20. Ne3 Nd5 $15 {
[%csl Gd5]}) 17... Bf8 (17... Rec8 {[%cal Gd6d5]} 18. f3 g6 {[%csl Gf5][%cal
Ge6e5]} (18... d5 {[%csl Re3]} 19. Qb1 dxc4 20. Nxc4 b5 21. Na5 Nd5 {[%csl Re3]
} 22. Nxb7 Qxb7 $15 {[%csl Rc2,Gc7][%cal Gc7c2]}))) 17. Qa2 {les blancs n'ont
pas de plan et ils attendent une faute adverse en jouant des coups neutres.} (
17. dxc5 Nxc5 18. b4 Nce4 $15) 17... d5 $5 {[%csl Ra2] Comme les blancs ne
font rien, les noirs se décident а attaquer le centre mais le français est
content de récupérer le contrôle de la case "e5"} 18. Ne5 (18. cxd5 Bxd5 $15 {
[%csl Rb3]}) 18... Nxe5 $6 (18... cxd4 $142 $1 19. exd4 (19. Nxd7 Nxd7 20. exd4
dxc4 21. bxc4 b5 $1 22. cxb5 Bd5 $44 {[%csl Ra2,Gd5] et la Q doit а nouveau
rejouer!}) 19... dxc4 20. Ndxc4 (20. bxc4 Nxe5 21. dxe5 Nd7 $17 {[%cal Gd7c5]})
20... b5 21. Ne3) 19. dxe5 Nd7 20. Nb1 {[%cal Gb1c3]} (20. cxd5 $142 exd5)
20... Rcd8 21. Ba1 dxc4 $1 {La finale devient critique pour les blancs qui
doivent éviter d'y rentrer} 22. bxc4 {[%csl Rc4,Re5]} Qb8 23. f4 {[%csl Re3]}
Qc7 $15 24. Bd3 Nf8 25. Qe2 Rd7 {[%cal Ge8d8]} 26. Nc3 Red8 27. Bb2 Bc6 (27...
Ng6 {[%csl Rg2][%cal Gg6h4]} 28. g3 h5 $1 (28... Qc6 29. Be4) 29. e4 {[%csl
Rd3,Rd4]} h4 $36) 28. a4 Qb7 (28... Ng6) 29. Bc2 Rxd1 {Les noirs choisissent
logiquement d'échanger les pièces lourdes pour essayer de profiter de la
milleure structure noire} 30. Rxd1 Rxd1+ 31. Bxd1 Ng6 32. Bc2 Nh4 33. e4 {
[%csl Rc2,Rf4]} Qd7 (33... Ng6 {[%cal Gg6f4]}) 34. g3 Qd4+ 35. Kf1 Ng6 36. Bd3
{[%cal Gb2d4,Gc3d5]} Qd7 $8 37. Bc2 Qd4 {répète les coups en zeitnot} 38. Bd3
Qd7 39. Bc2 Bd8 {refuse la nulle par répétition} 40. Qd1 Ne7 41. Qxd7 {le trés
léger avantage noir parait insuffisant pour donner des chances de gains mais
l'espagnol va tenter sa chance dans une finale de pièces légères.} Bxd7 42. Bd3
Nc6 43. Kf2 g5 $5 (43... Nd4 $142 $1 44. Ke3 g5 $15 {[%csl Gd4]}) 44. Bc1 gxf4
45. gxf4 Bh4+ 46. Kf1 Kg7 47. Bc2 Na5 {[%csl Rc4] les noirs devaient regretter
а ce moment d'avoir joué a6 qui empêche Ba6 avec forte pression sur "c4"} 48.
Bd3 Be8 49. Be3 f6 {Les noirs peuvent difficilement progresser sans faire
jouer le B de cases blanches même au détriment du fait que les blancs vont
échanger un P doublé} 50. exf6+ Bxf6 {[%cal Gf6c3,Ge8a4]} 51. e5 Bd8 (51... Bh4
{[%csl Ge1]} 52. Ke2 Bh5+ 53. Kf1 Bf3) 52. Ke2 Bh4 53. Bd2 Nb3 54. Be3 Bh5+ 55.
Kf1 {[%csl Rf1]} Na5 {il est également difficile de jouer les finales en phase
ko} 56. Bd2 Bg4 57. Nb1 Nb3 58. Be3 Na5 (58... Bh3+ 59. Ke2 Nd4+ 60. Bxd4 Bg4+
$1 {un coup intermédiaire important} 61. Ke3 (61. Kf1 $142) 61... cxd4+ 62.
Kxd4 Bf2+ 63. Kc3 Be3 $15 {[%csl Rf4]}) 59. Bd2 Nb3 60. Be3 h5 61. Bc2 Na5 62.
Nd2 Kf8 63. Bf2 Bd8 64. Ke1 Nc6 65. Be4 Na5 66. Bd3 Be7 67. Be2 Bxe2 {[%mdl
4096]} 1/2-1/2

[Event "Porto Mannu op 10th"]
[Site "Porto Mannu"]
[Date "2018.06.02"]
[Round "5.2"]
[White "Marin, Mihail"]
[Black "Nevednichy, Vladislav"]
[Result "1-0"]
[WhiteElo "2544"]
[BlackElo "2525"]
[Annotator "Marin,M"]
[PlyCount "115"]
[EventDate "2018.06.02"]
[EventType "swiss"]
[EventRounds "9"]
[EventCountry "ITA"]
[SourceTitle "CBM 185"]
[Source "ChessBase"]
[SourceDate "2018.07.13"]
[SourceVersion "1"]
[SourceVersionDate "2018.07.13"]
[SourceQuality "1"]
[TimeControl "5400+30"]

1. d4 Nf6 2. Nf3 e6 3. e3 {After the Romanian championship last round game
with Jianu, analysed in this same issue, I was inspired to play this system as
my exclusive weapon in the Sardinia tournament, starting ten days later. My
result was entirely satisfactory: 3 out of 3! I was not put off by the fact
that a few years ago I had lost to Vladik with this same opening.} d5 4. Bd3
Nbd7 5. O-O b6 6. b3 Bb7 7. Bb2 Bd6 8. c4 O-O 9. Nc3 a6 10. Rc1 {My knowledge
about this tabiya was greatly based on the games of Lajos Portisch, as in some
other lines of the 4.e3 Queen's Indian.} Qe7 ({Despite the pleasant memories,
Vladik deviates from our previous game:} 10... Ne4 11. Ne2 Qe7 ({During that
game I mixed up this move with} 11... Qf6 {when, indeed,} 12. Ng3 {is what I
had looked at, mainly based on the following game:} Qh6 13. Ne5 Ndf6 14. Qe2
Qh4 15. cxd5 Bxd5 16. Nxe4 Bxe4 17. Bxe4 Nxe4 18. g3 Qh3 19. f3 Nf6 20. Nc6
Rfe8 21. e4 $16 {Portisch,L (2630)-Franco Ocampos,Z (2505) Mar del Plata 1982 
(1-0, 45)}) 12. cxd5 $6 ({In this specific position I had analysed} 12. Ne5
Rfd8 13. cxd5 exd5 14. Nc6 Bxc6 15. Rxc6 Nf8 16. Ng3 Qd7 17. Rc2 Re8 18. Qf3
Bxg3 19. hxg3 Re6 20. Qg4 $16 {Portisch,L (2625)-Csom,I (2505) Budapest 1984 
(1-0, 31)}) 12... exd5 13. Ng3 f5 {This is the difference! With the queen on
e7 and not on f6, Black can consolidate his knight.} 14. Rc2 Rf6 15. Qe2 c6 16.
Nh4 g6 {Here I understood I was going to lose ground and planned a positional
piece sacrifice.} 17. f4 Re6 18. Bxe4 Qxh4 19. Bxf5 gxf5 20. Nxf5 Qf6 {Marin,M
(2603)-Nevednichy,V (2559) Calimanesti 2015 (0-1, 34). White's initiative
should compensate for the piece (but not more than that). However, I didn't
play optimally and lost.}) 11. Na4 {Abstractly a logical move. The knight's
presence on c3 has induced ...a7-a6 and the time has come to put some pressure
on the slightly weakened b6-square. Besides, the threat c4-c5 is in the air.}
dxc4 ({A good move and anyway better than} 11... Ne4 {when} 12. Ne5 $1 {
causes some problems. Just two days earlier I had faced} Bxe5 ({An older game
of mine went} 12... dxc4 13. Nxc4 Rac8 14. f3 Nef6 15. Nxd6 cxd6 16. Ba3 Nd5
17. Qd2 b5 18. Nc3 Nxc3 19. Rxc3 Rxc3 20. Qxc3 Rc8 21. Qd2 Nf6 22. e4 $14 {
Marin,M (2548)-Franco Ocampos,Z (2502) Benasque 2011 (1-0, 46) and the bishop
pair eventually told.}) 13. dxe5 Nec5 14. Nxc5 ({During my long thought at
this moment I also considered} 14. Ba3 $16 {As we will see, White needs to
refraining from the intermediate exchange on c5, as he needs his knight to
sustain the bishop's return to b2 in the critical line.} dxc4 15. Rxc4 Qg5 16.
Rg4 Qxe5 $2 17. Bb2 $18) 14... Nxc5 15. Bb1 a5 16. cxd5 Bxd5 17. Bd4 Na6 18.
Qh5 g6 19. Qh6 Rfd8 20. e4 $1 {An effective switch to a massive kingside
attack.} Bxb3 21. Be3 Ba4 22. Bg5 Qf8 23. Qh4 Rd4 (23... Rd7 {would defend e7,
but after} 24. Rc3 {White's attack would be very strong anyway. The idea is to
provoke ...h7-h5 with Rh3 and then break with g2-g4. The game move was
intended against this plan.}) 24. Rc3 Nc5 25. Be7 ({The point is that after} 
25. Rh3 h5 26. g4 {Black has} Nxe4 $1) 25... Qg7 26. Bf6 Qf8 27. Be7 Qg7 28.
Bf6 Qf8 29. Rh3 h5 30. Qg5 Bd1 ({During the game I had calculated} 30... Nd7
31. Rxh5 Nxf6 32. exf6 Rad8 33. Qh4 gxh5 34. Qg5+ Kh8 35. Qxh5+ Kg8 36. e5 Rd3
37. Qg4+ Kh8 38. Bxd3 Rxd3 39. Qxa4 $18 {but there are several good
alternatives on move 33.}) 31. f3 $1 Nd7 32. Rxh5 Nxf6 33. exf6 e5 34. Rh3 Qc5
35. Rh8+ $1 {1-0 Marin,M (2544)-Haug,J (2401) Porto Mannu 2018}) 12. bxc4 c5 {
A principled continuation. Black blocks the c4-pawn without fearing the
relative weakness on b6. Here are two examples in which White actually
executed the threat c4-c5.} (12... Ne4 13. c5 bxc5 14. Ne5 Rfd8 15. Nxd7 Rxd7
16. dxc5 Nxc5 17. Nxc5 Bxc5 18. Bxh7+ Kxh7 19. Qh5+ Kg8 20. Qxc5 Qxc5 21. Rxc5
{Portisch,L (2605)-Dautov,R (2625) Ter Apel 1994 CBM 040 [Dautov,R] (½-½, 41)
led to a minimally better ending for White, who later missed some chances.}) (
12... e5 $6 13. c5 e4 14. cxd6 Qxd6 15. Ne5 exd3 16. Nxd3 Rac8 17. f3 $14 {
Marin,M (2550)-Grecescu,G (2423) Brasov 2011 (1-0, 40) and White's centre
prevailed over Black's temporary activity.}) 13. Ne5 Rfd8 {A natural
centralising move, creating some threats along the d-file.} (13... cxd4 {
may be premature.} 14. exd4 Bxe5 (14... b5 15. cxb5 axb5 16. Bxb5 {needs
testing. Black surely has some compensation for the pawn in view of his
control of d5. In the game, my opponent carried out a similar operation under
less favourable circumstances.}) 15. dxe5 Ne4 16. Qe2 Nec5 {Schneider Zinner,H
(2318)-Miniboeck,G (2377) Austria 1999 (0-1, 35)} 17. Nxc5 Nxc5 18. Bc2 $14 {
The knight' stands nicely on c5, but is restricted by the c2-bishop. At the
same time the kingside is under constant pressure and in the endgame the
bishop pair may count.}) 14. Qe2 ({Avoiding the trap} 14. f4 $6 cxd4 15. exd4
b5 16. cxb5 $2 ({A better move is} 16. c5 bxa4 17. cxd6 Qxd6 18. Qxa4 $11)
16... axb5 17. Bxb5 $2 Nxe5 $1) 14... cxd4 ({If Black intends playing ...Ba3,
preparing it with} 14... Rab8 $5 {looks like a beter idea.} 15. f4 cxd4 16.
exd4 Ba3 17. Nxd7 ({White should probably abstain from forcing play with, say,
} 17. Bb1 Bxb2 18. Nxb2 {maintaining some pressure.}) 17... Rxd7 (17... Qxd7 $2
18. Nxb6 Qc6 19. Bxa3 $18) 18. Nxb6 Bxb2 19. Qxb2 Bc6 20. c5 Qd8 21. Rfd1 Nd5
22. Be4 {Stefanova,A (2491)-Hou,Y (2606) Beijing 2012 (½-½, 46)} Ba4 23. Bxd5
Bxd1 24. Qd2 Rxb6 25. cxb6 exd5 26. Qxd1 Qxb6 $11) (14... Rac8 15. f4 Bc7 $6 {
as in Mons,L (2483)-Oparin,G (2609) Barcelona 2017 (½-½, 46) is a bit
passive.} 16. Nc3 $14) 15. exd4 Ba3 16. Nxd7 {Good, but only second best.} ({
For some reasons, the logical} 16. c5 $1 {did not come to my mind.} Bxb2 17.
Qxb2 Nxe5 18. dxe5 Nd5 19. c6 Bxc6 20. Rxc6 Nb4 21. Bxh7+ $1 Kxh7 22. Rd6 Nd5 (
22... Rxd6 23. Qxb4 Rd7 24. Qe4+ $1 $18) 23. Nxb6 $16) 16... Qxd7 (16... Nxd7 {
allows} 17. Bxh7+ Kxh7 18. Qd3+ Kg8 19. Bxa3 Qg5 20. Qh3 b5 21. Nc5 Nxc5 22.
Bxc5 $14) 17. Bxa3 ({I spent a long time on making my choices in this phase,
but underestimated White's resources after} 17. Nxb6 $5 Qc6 18. d5 exd5 19.
Bxf6 $1 ({I overlooked this one, evaluating mainly} 19. cxd5 Qxb6 20. Bxa3 Bxd5
{I was probably right when assuming that Black's activity balances White's
bishop pair.}) 19... dxc4 (19... Bxc1 20. Bxd8 $16 dxc4 21. Be4 $1 Qxe4 22.
Qxe4 Bxe4 23. Nxa8 $18) 20. Be4 Qxf6 21. Nxa8 Bxe4 22. Qxe4 Bxc1 23. Rxc1 Qd6
24. g3 Qb8 25. Rxc4 Qxa8 26. Qxa8 Rxa8 27. a4 $14 {True, the endgame should
end in a draw if Black gives up his pawn and places his rook behind the white
a-pawn.}) 17... Qxa4 18. Bb2 Qc6 19. f3 $14 {The complications are over and
White retains a small but stable plus, due to his mobile centre sustained by
the bishops.} b5 $2 {A thematic but concretely over optimistic pawn sacrifice.}
({Black should have just waited passively.} 19... Rac8 20. Qe3 h6 21. Rfe1 $14)
20. cxb5 Qb6 21. a4 $16 {Black has little or no compensation for the strong
b-pawn.} axb5 22. axb5 Nd5 23. Qd2 h6 24. Ra1 (24. Rfd1 $5) 24... Rab8 (24...
e5 25. Rxa8 Bxa8 26. Ra1 exd4 27. Qf2 Nc7 (27... Ne3 28. Ra4) 28. Bc3 Qc5 29.
Ba5 Rc8 30. Qg3 Ne6 31. Bd2 $16) 25. Rfc1 e5 $6 {This only makes things a bit
worse for Black. When playing my previous move I had found an antidote against
the central break.} 26. Bf1 $1 Nf6 (26... Nf4 27. Qe3 $16) (26... Nc7 27. Qa5
Qxa5 28. Rxa5 $18) (26... Ne7 27. Re1 Ng6 28. Qa5 Qxa5 29. Rxa5 exd4 30. Rd1
$18) 27. Qa5 Qxa5 28. Rxa5 e4 {Trying to prevent the radical b2-bishop
activation.} (28... exd4 29. Rd1 (29. Kf2 $5 Nd5 30. Bxd4 $18) 29... Nd5 30.
Rxd4 Ne3 31. Be2 $18) 29. fxe4 Bxe4 30. Ra7 Nd5 31. Re1 Bf5 32. Ba3 Nc3 33. Re5
Be6 34. Bb4 Nd5 35. Bc5 {White has activated his pieces, but still needs a
concrete plan to make progress.} g5 {This fails to activate the king, as the
seventh rank is denied it due to Rxe6!} 36. g3 Nb6 37. Ra6 Nd5 38. Ra7 Nb6 39.
Re1 Nd5 40. Kf2 Nb6 41. h4 gxh4 42. gxh4 Nd5 43. Re5 Kh8 44. Kf3 Kg8 45. Bc4
Kh8 46. b6 $1 (46. Bxd5 Bxd5+ {leaves the b5-pawn hanging more or less forcing}
47. Rxd5 Rxd5 48. Ke4 Rdd8 49. b6 $16) 46... Kg8 ({Against} 46... Nxb6 {
I had designed} 47. Bxe6 fxe6 48. Rxe6 Nd5 49. Rxh6+ Kg8 50. Rg6+ Kh8 51. Bd6
$18) 47. Bxd5 Bxd5+ 48. Kf4 {The rest is relatively simple, as the far
advanced pawns are too strong.} Bb3 49. Kf5 Kg7 50. Re3 Bc2+ 51. Ke5 Re8+ 52.
Kf4 Rxe3 53. Kxe3 Kf6 54. Kf4 Bb3 55. Rd7 Kg6 (55... Ke6 56. Rd6+ Ke7 57. Rxh6+
) 56. d5 f6 57. b7 Bxd5 58. h5+ $1 (58. h5+ Kxh5 59. Rxd5+ Kg6 60. Rd7 $18) 1-0